|
|
แสดงรายละเอียดบรรณานุกรม |
|
|
Brief Record
: Get Marc (ISO 2709)
: E-mail record
: |
| LEADER 00000nama 2200000uu 4500 | |||
| 008 040531s2525 th m m a000 0 tha d | |||
| 041 tha | |||
| 050 WS100 ร925ส | |||
| 100 โรงพยาบาลเด็ก | |||
| 245 สิ่งที่ควรรู้เกี่ยวกับสุขภาพเด็ก / โรงพยาบาลเด็ก 001 | |||
| 250 5 | |||
| 260 กรุงเทพฯ โรงพยาบาลเด็ก 2525 | |||
| 300 247 หน้า | |||
| 650 สุขภาพเด็ก | |||
| 998 1999-11-09 | |||
| คุณยังไม่ได้ล็อกอิน คุณสามารถมีกิจกรรมร่วมกับเว็บไซต์ได้ แต่ต้องล็อกอินก่อน :: |
|
| สถานะ | |||||||||
| 1. | หนังสือทั่วไป | WS100 ร925ส 2525 | On Shelf ขอยืม | ||||||
| [แสดง 1/1 รายการ] | |||||||||
BibComment |
| คอมเมนท์ทรัพยากรรายการนี้ |
|
|